Responses for Show #2743 - Wednesday, July 3, 1996

Contestants

[<< previous game]

Carol Ann Krug, a software design engineer from Sunnyvale, California

Don Lembeck, a traffic manager from San Francisco, California

Paul Carlson, a transit policy analyst from Washington, D.C. (whose 3-day cash winnings total $47,806)

[next game >>]

Jeopardy! Round responses

MYTHOLOGY
3-LETTER WORDS
HEADWEAR
U.S. CITIES
AMERICAN FOOD HISTORY
OOPS
    $100 1
centaurs

Paul
    $100 10
a rut

Paul
    $100 18
a helmet

Don
    $100 6
the Kennedy Space Center

Paul
    $100 8
a burger

Carol Ann
    $100 26
a parachute

Paul
    $200 2
Mars

Paul
    $200 14
a jog

Don
    $200 20
Beret

Paul
    $200 7
Detroit

Carol Ann
    $200 9
(Paul: Uh, what is [*] a la mode?)
...
(Alex: Paul, you can't ring in again.)
...
(Alex: [To Paul] You added an element that was not covered by the clue.)

apple pie

Paul
Triple Stumper
    $200 27
baseballs

Don
    $300 3
Hera

Paul
    $300 15
a tic

Don
    $500 23
[NOTE: Alex popped it up and put it on.]
(Alex: I could wear it for the rest of the show, but I won't.)

an opera hat

Paul
    $300 11
Boston

Don
    $300 19
chop suey

Carol Ann
    $300 28
(Don: What are skis?)

a dog sled

DonCarol Ann
    $400 4
Isis

Don
    $400 16
Dom

Carol Ann
    $400 24
a coolie

Don
    $400 12
Charleston

Paul
    $400 21
Heinz

Paul
    $400 29
(Don: What's a pigeon?)
[Laughter from Carol Ann and audience]

a grouse

Don
Triple Stumper
    $500 5
death

Paul
    $500 17
to sup

Don
    $500 25
a snood

Don
    $500 13
Abilene

Paul
    $500 22
Spam

Paul
    $500 30
(Stephen) Meyers

Don

Scores at the first commercial break (after clue 14):

Paul Don Carol Ann
$2,000 $900 $300

Scores at the end of the Jeopardy! Round:

Paul Don Carol Ann
$3,700 $2,700 $1,300

Double Jeopardy! Round responses

COMPOSERS & RULERS
RECENT SHAKESPEARE MOVIES
THE CALENDAR
PEOPLE
PREGNANCY & CHILD CARE
GUAM
    $200 2
Vienna

Don
    $200 1
Othello

Paul
    $200 21
365 days

Don
    $200 11
Oprah Winfrey

Don
    $200 30
his head

Don
    $200 16
Japan

Paul
    $400 3
a harpsichord

Don
    $400 7
Hamlet

Carol Ann
    $400 22
June

Carol Ann
    $400 12
Pearl S. Buck

Paul
    $400 29
infant formula

Paul
    $400 17
the U.S. Navy

Paul
    $600 4
Russia

Paul
    $600 8
Macbeth

Don
    $600 23
(Alex: We have a minute left.)

April

Carol Ann
    $600 13
Huey Long

Don
    $600 27
jaundice

Carol Ann
    $1,200 18
Spain

Paul
    $800 5
Mozart

Paul
    $800 9
Much Ado About Nothing

Paul
    $800 24
September

Carol Ann
    $800 14
(Paul: Who is Remington?)

Schick

PaulDon
    $800 28
diabetes

Paul
    $800 19
Roman Catholicism

Paul
    $1000 6
Liszt

Carol Ann
    $1,300 10
The Tempest

Paul
    $1000 25
Friday

Carol Ann
    $1000 15
Malcolm Baldrige

Paul
    $1000 26
immunity

Paul
    $1000 20
Vietnam

Carol Ann

Scores at the end of the Double Jeopardy! Round:

Paul Don Carol Ann
$12,800 $5,900 $7,100

[wagering suggestions for these scores]

Final Jeopardy! Round responses

THE ELEMENTS
DonWhat is xenon
$5,000
Carol AnnWhat is Xenon?
$4,300
PaulWhat is argon?
$1,402
xenon

Final scores:

Paul Don Carol Ann
$11,398 $10,900 $11,400
2nd place: trip to the 1996 Olympics in Atlanta + John Williams CD Summon the Heroes 3rd place: Panasonic Palmcorder IQ + John Williams CD Summon the Heroes New champion: $11,400

Game dynamics:

Coryat scores:

Paul Don Carol Ann
$11,700 $5,900 $7,100
27 R
(including 3 DDs),
2 W
18 R,
2 W
13 R,
0 W

Combined Coryat: $24,700

[game clues] [game scores] [suggest correction]

Game tape date: 1996-02-14
The J! Archive is created by fans, for fans. Scraping, republication, monetization, and malicious use prohibited; this site may use cookies and collect identifying information. See terms. The Jeopardy! game show and all elements thereof, including but not limited to copyright and trademark thereto, are the property of Jeopardy Productions, Inc. and are protected under law. This website is not affiliated with, sponsored by, or operated by Jeopardy Productions, Inc. Join the discussion at JBoard.tv.